Normal view MARC view

Entry Meeting Name

Number of records used in: 1

001 - CONTROL NUMBER

  • control field: 36350

003 - CONTROL NUMBER IDENTIFIER

  • control field: OSt

005 - DATE AND TIME OF LATEST TRANSACTION

  • control field: 20211105135843.0

008 - FIXED-LENGTH DATA ELEMENTS

  • fixed length control field: 211105|| aca||aabn | a|a d

040 ## - CATALOGING SOURCE

  • Original cataloging agency: OSt
  • Transcribing agency: OSt

111 ## - HEADING--MEETING NAME

  • Meeting name or jurisdiction name as entry element: International Meeting on Gravitation and Cosmology
  • Number of part/section/meeting: 4th
  • Location of meeting: Santa Clara, Cuba
  • Date of meeting or treaty signing: 2009

670 ## - SOURCE DATA FOUND

  • Source citation: Work cat.: (OSt): International Meeting on Gravitation and Cosmology 4th Santa Clara, Cuba 2009, Accelerated cosmic expansion, 2014

Powered by Koha